| 000 | 00922nam a2200253 a 4500 | ||
|---|---|---|---|
| 001 | 000047434 | ||
| 005 | 20240313073820.0 | ||
| 008 | 180529s2016 dr r 000 0 spa d | ||
| 020 | _a9789945590463 | ||
| 040 |
_aDO-SdBNP _bspa _cBNPHU |
||
| 082 |
_a342.729306 _bR621ma |
||
| 100 | 1 |
_aRivero Ortega, Ricardo _975068 |
|
| 245 | 1 | 0 |
_aManual de derecho administrativo / _cRicardo Rivero Ortega, Francisco Ortega Polanco. |
| 260 |
_aSanto Domingo : _bFUNGLODE, _c2016. |
||
| 300 |
_a354 p. ; _c23 cm. |
||
| 490 | 1 | _aManuales IGlobal | |
| 590 | _aInventariado, 2018/VM | ||
| 650 | 4 |
_aDerecho administrativo _zRepública Dominicana _vMANUALES _975069 |
|
| 651 | 4 |
_aRepública Dominicana _xAdministración Pública _9657 |
|
| 700 | 1 |
_aNuñez Polanco, Diómedes _d1952- _983559 |
|
| 710 | 2 |
_aFundación Global Democracía y Desarrollo _925477 |
|
| 830 | 0 |
_aManuales IGlobal _975070 |
|
| 910 | _aValidado. control de calidad. MFF | ||
| 999 |
_c46922 _d46922 |
||